[Event "British Chess Championships 2023: Major Open"]
[Site "The Venue, De Montfort University, 20 Western Boulevard, Leicester, LE2 7BU"]
[Date "2023.07.29"]
[Round "8"]
[Board "10"]
[White "Rathbone-Jones, Ifan"]
[Black "Turner, Lewis A"]
[Result "0-1"]
[WhiteElo "1925"]
[BlackElo "1803"]
[PlyCount "114"]
[EventDate "2023.07.22"]
[EventRounds "9"]
[EventCountry "ENG"]

1. d4 Nf6 2. Bf4 g6 3. Nc3 d5 4. e3 Bg7 5. h4 h5 6. Nf3 O-O 7. b4 Bf5 8. Ne5 Nc6
9. Nxc6 bxc6 10. Ba6 Rb8 11. a3 Nd7 12. Bd3 Bxd3 13. Qxd3 e5 14. dxe5 Nxe5 15. Bxe5
Bxe5 16. Rd1 Qe7 17. Ne2 a5 18. c3 axb4 19. axb4 c5 20. bxc5 Qxc5 21. g4 hxg4 22.
h5 Kg7 23. hxg6 fxg6 24. Qxd5 Bxc3+ 25. Nxc3 Qxc3+ 26. Kf1 Qf6 27. Qd4 Qxd4 28. Rxd4
Rb1+ 29. Kg2 Rxh1 30. Kxh1 Rxf2 31. Rc4 Rf7 32. Rxg4 c5 33. Kg2 Rc7 34. Rc4 Kf6 35.
Kf3 Ke5 36. Ke2 Kd5 37. Kd3 Rc6 38. Rg4 Ke5 39. Kc4 Kf5 40. Rf4+ Kg5 41. Kd5 Rc8
42. Rc4 Kf6 43. Rf4+ Kg7 44. Rc4 g5 45. Ke6 Kg6 46. Kd7 Rf8 47. Rxc5 g4 48. e4 Rf7+
49. Kd6 Rf6+ 50. Kd7 Rf3 51. Rc6+ Kg5 52. e5 g3 53. e6 g2 54. e7 g1=Q 55. e8=Q Qa7+
56. Rc7 Rd3+ 57. Kc6 Qa4+  0-1

[Event "British Chess Championships 2023: Major Open"]
[Site "The Venue, De Montfort University, 20 Western Boulevard, Leicester, LE2 7BU"]
[Date "2023.07.29"]
[Round "8"]
[Board "11"]
[White "Brown, Tom"]
[Black "Patel, Zain"]
[Result "1/2-1/2"]
[WhiteElo "1959"]
[BlackElo "1910"]
[PlyCount "61"]
[EventDate "2023.07.22"]
[EventRounds "9"]
[EventCountry "ENG"]

1. d4 Nf6 2. Nf3 d5 3. c4 e6 4. Nc3 dxc4 5. e3 a6 6. a4 c5 7. Bxc4 Nc6 8. O-O Be7
9. dxc5 O-O 10. Qe2 Bxc5 11. e4 e5 12. Rd1 Nd4 13. Nxd4 exd4 14. h3 Qe8 15. Nd5 Nxe4
16. Nc7 Qc6 17. Nxa8 d3 18. Qf3 Bxf2+ 19. Kh2 Qxc4 20. Qxd3 Bg3+ 21. Kg1 Qc5+ 22.
Be3 Bf2+ 23. Bxf2 Qxf2+ 24. Kh2 Qf4+ 25. Kg1 Bf5 26. Qf3 Qe5 27. Nb6 Qxb2 28. Qxf5
Qxb6+ 29. Kh2 Qc7+ 30. Kg1 Qb6+ 31. Kh2  1/2-1/2

[Event "British Chess Championships 2023: Major Open"]
[Site "The Venue, De Montfort University, 20 Western Boulevard, Leicester, LE2 7BU"]
[Date "2023.07.29"]
[Round "8"]
[Board "12"]
[White "Mccarthy, Damian M"]
[Black "Young, Daniel J"]
[Result "1/2-1/2"]
[WhiteElo "1838"]
[BlackElo "1913"]
[PlyCount "54"]
[EventDate "2023.07.22"]
[EventRounds "9"]
[EventCountry "ENG"]

1. e4 c5 2. Nf3 d6 3. d4 Nf6 4. Nc3 cxd4 5. Nxd4 a6 6. Be3 e5 7. Nb3 Be6 8. f3 Be7
9. Qd2 O-O 10. O-O-O Nbd7 11. g4 b5 12. g5 b4 13. Ne2 Ne8 14. f4 a5 15. f5 a4 16.
fxe6 axb3 17. cxb3 fxe6 18. Bh3 Rxa2 19. Bxe6+ Kh8 20. Ng3 Nc7 21. Bc4 Qa8 22. Rhf1
Rxf1 23. Rxf1 Ra1+ 24. Kc2 Rxf1 25. Bxf1 d5 26. Kb1 Qc6 27. Qc2 Qxc2+  1/2-1/2

[Event "British Chess Championships 2023: Major Open"]
[Site "The Venue, De Montfort University, 20 Western Boulevard, Leicester, LE2 7BU"]
[Date "2023.07.29"]
[Round "8"]
[Board "13"]
[White "Lee, Alexandre Km"]
[Black "Arora, Tashika"]
[Result "1/2-1/2"]
[WhiteElo "1693"]
[BlackElo "1836"]
[PlyCount "111"]
[EventDate "2023.07.22"]
[EventRounds "9"]
[EventCountry "ENG"]

1. e4 e5 2. Nf3 Nc6 3. Bc4 Nf6 4. d4 exd4 5. O-O Nxe4 6. Re1 d5 7. Bxd5 Qxd5 8. Nc3
Qh5 9. Nxe4 Be6 10. Bg5 Be7 11. Bxe7 Kxe7 12. Nxd4 Qd5 13. Nxe6 Qxd1 14. Raxd1 Kxe6
15. Nc3+ Kf5 16. Nd5 Rhe8 17. Ne3+ Kg6 18. Rd7 Rac8 19. Kf1 Ne5 20. Rd4 f6 21. Nc4
Nxc4 22. Rxc4 c6 23. Rd4 Rxe1+ 24. Kxe1 Re8+ 25. Kd2 Re7 26. a4 Kf7 27. b3 Ke8 28.
Rh4 h6 29. Rg4 g5 30. Rg3 Kf7 31. Rd3 f5 32. Rd6 Re6 33. Rd7+ Re7 34. Rxe7+ Kxe7
35. Kd3 Kd6 36. Kd4 c5+ 37. Kc4 Kc6 38. c3 b6 39. Kd3 Kd5 40. Ke3 Ke5 41. Kd3 Kd5
42. Ke3 Ke5 43. Kf3 h5 44. Ke3 f4+ 45. Kf3 g4+ 46. Ke2 Ke4 47. f3+ gxf3+ 48. gxf3+
Ke5 49. Kd2 a6 50. Kd3 b5 51. c4 bxa4 52. bxa4 a5 53. h4 Kf5 54. Kc3 Ke5 55. Kd3
Kf5 56. Kc3  1/2-1/2

[Event "British Chess Championships 2023: Major Open"]
[Site "The Venue, De Montfort University, 20 Western Boulevard, Leicester, LE2 7BU"]
[Date "2023.07.29"]
[Round "8"]
[Board "14"]
[White "Green, Michael"]
[Black "Mikalajunas, Kajus"]
[Result "1/2-1/2"]
[WhiteElo "1923"]
[BlackElo "1881"]
[PlyCount "107"]
[EventDate "2023.07.22"]
[EventRounds "9"]
[EventCountry "ENG"]

1. e4 e5 2. Nf3 Nc6 3. d4 exd4 4. Nxd4 Bc5 5. Nxc6 Qf6 6. Qf3 dxc6 7. Nc3 Be6 8.
Be3 Bb4 9. Qxf6 Nxf6 10. f3 O-O-O 11. a3 Bxc3+ 12. bxc3 a6 13. Bd3 Nd7 14. O-O-O
Ne5 15. f4 Nxd3+ 16. cxd3 f5 17. e5 b6 18. Kb2 Rd5 19. c4 Rd7 20. Kc3 c5 21. Rd2
Rhd8 22. Rhd1 Kb7 23. d4 cxd4+ 24. Rxd4 Rxd4 25. Rxd4 Rxd4 26. Kxd4 c5+ 27. Kc3 Kc6
28. a4 b5 29. axb5+ axb5 30. cxb5+ Kxb5 31. Bd2 Kc6 32. Kd3 Bd5 33. g3 Bg2 34. Bc3
Kd5 35. e6 Bf1+ 36. Ke3 Kxe6 37. Bxg7 Kd5 38. Bf6 Kc4 39. Be5 Kb3 40. Kd2 Kc4 41.
Ke3 Kd5 42. Bf6 Ke6 43. Be5 Kf7 44. Bd6 c4 45. Be5 Kg6 46. h4 Kh5 47. Bc3 Kg4 48.
Kf2 h5 49. Bf6 Bd3 50. Kg2 Be4+ 51. Kf2 Bd3 52. Kg2 Be4+ 53. Kf2 Bd3 54. Kg2  1/2-1/2

[Event "British Chess Championships 2023: Major Open"]
[Site "The Venue, De Montfort University, 20 Western Boulevard, Leicester, LE2 7BU"]
[Date "2023.07.29"]
[Round "8"]
[Board "15"]
[White "Dougherty, Michael"]
[Black "Subramanian, Anusha"]
[Result "1/2-1/2"]
[WhiteElo "2110"]
[BlackElo "1818"]
[PlyCount "116"]
[EventDate "2023.07.22"]
[EventRounds "9"]
[EventCountry "ENG"]

1. Nf3 d5 2. b3 c5 3. e3 Nf6 4. Bb2 e6 5. d4 a6 6. Bd3 Nc6 7. O-O Be7 8. Nbd2 O-O
9. Ne5 Qc7 10. a3 b5 11. c4 bxc4 12. bxc4 Bb7 13. Rc1 Qb6 14. Rb1 Qc7 15. Ndf3 cxd4
16. Nxc6 Bxc6 17. cxd5 Nxd5 18. Nxd4 Bb7 19. Qa4 Bf6 20. Rfc1 Qe7 21. Ne2 Rfd8 22.
Qe4 g6 23. Be5 Rd7 24. Qd4 Rad8 25. Bc4 Bxe5 26. Qxe5 Qxa3 27. Nd4 Qe7 28. h3 Qf6
29. Qxf6 Nxf6 30. Bf1 Ne4 31. Rb6 e5 32. Nf3 Re8 33. Bxa6 Bxa6 34. Rxa6 Nd2 35. Nxd2
Rxd2 36. Rac6 Red8 37. g4 Kg7 38. g5 h6 39. h4 hxg5 40. hxg5 e4 41. Kg2 R8d5 42.
R1c5 Rd1 43. Kh2 Kh7 44. Rc7 Kg7 45. Kg2 Kg8 46. Kh3 Rh1+ 47. Kg2 Rhd1 48. Kg3 Rg1+
49. Kf4 Rgxg5 50. Rxd5 Rxd5 51. Kxe4 Rf5 52. f4 Kg7 53. Rc6 Kh6 54. Kf3 Kg7 55. e4
Rb5 56. Rc7 Rb3+ 57. Kg4 Re3 58. e5 Re1  1/2-1/2

[Event "British Chess Championships 2023: Major Open"]
[Site "The Venue, De Montfort University, 20 Western Boulevard, Leicester, LE2 7BU"]
[Date "2023.07.29"]
[Round "8"]
[Board "16"]
[White "Honey, Luke"]
[Black "Farrand, Tom"]
[Result "1/2-1/2"]
[WhiteElo "1730"]
[BlackElo "2110"]
[PlyCount "73"]
[EventDate "2023.07.22"]
[EventRounds "9"]
[EventCountry "ENG"]

1. e4 c5 2. Nf3 e6 3. Bc4 Nc6 4. O-O a6 5. c3 d5 6. exd5 exd5 7. Re1+ Be7 8. Bb3
Nf6 9. d4 c4 10. Bc2 Bg4 11. Bf4 O-O 12. Nbd2 Bd6 13. Bg5 Be7 14. Qc1 h6 15. Bf4
Nh5 16. Be5 Bg5 17. Nxg5 Qxg5 18. Nf1 Qh4 19. Bg3 Nxg3 20. hxg3 Qf6 21. Ne3 Be6 22.
Qd1 g6 23. Qf3 Qxf3 24. gxf3 Kg7 25. f4 Kf6 26. Bd1 Rad8 27. Bf3 Ne7 28. Re2 h5 29.
Rae1 b5 30. Ng2 Rd7 31. Nh4 Rb8 32. Bg2 a5 33. Nf3 b4 34. Ng5 Rb6 35. Nh7+ Kg7 36.
Ng5 Kf6 37. Nh7+  1/2-1/2

[Event "British Chess Championships 2023: Major Open"]
[Site "The Venue, De Montfort University, 20 Western Boulevard, Leicester, LE2 7BU"]
[Date "2023.07.29"]
[Round "8"]
[Board "17"]
[White "Banerjee, Supratit"]
[Black "Verbytski, Oleg"]
[Result "1-0"]
[WhiteElo "1895"]
[BlackElo "1795"]
[PlyCount "137"]
[EventDate "2023.07.22"]
[EventRounds "9"]
[EventCountry "ENG"]

1. e4 c5 2. c3 d6 3. d4 cxd4 4. cxd4 Nf6 5. Nc3 Nc6 6. Nf3 e6 7. Bb5 a6 8. Ba4 b5
9. Bc2 Bb7 10. O-O Be7 11. Bg5 h6 12. Bh4 Rc8 13. Re1 Nd7 14. Bg3 Nb6 15. d5 Na5
16. dxe6 fxe6 17. Nd4 Qd7 18. Qh5+ Kd8 19. Qf7 Kc7 20. Nxe6+ Kb8 21. Rad1 Nac4 22.
Nd5 Bxd5 23. exd5 Bf6 24. Qxd7 Nxd7 25. b3 Nce5 26. Bf5 g6 27. Be4 g5 28. Bf5 Kb7
29. Nd4 Rc5 30. Nc6 Kc7 31. Bxd7 Kxd7 32. Nxe5+ Bxe5 33. Bxe5 dxe5 34. Rxe5 Re8 35.
Rxe8 Kxe8 36. Kf1 Rc2 37. a4 Kd7 38. Re1 bxa4 39. bxa4 Rc4 40. Re6 Rxa4 41. Rxh6
a5 42. Ra6 Ra2 43. h3 a4 44. g4 a3 45. Kg2 Kc7 46. d6+ Kd7 47. Ra5 Kxd6 48. Rxg5
Ra1 49. Ra5 Ke6 50. h4 Kf6 51. h5 Kg7 52. g5 a2 53. Ra7+ Kg8 54. h6 Rb1 55. Rxa2
Rb6 56. f4 Kh7 57. Ra7+ Kg6 58. Rg7+ Kf5 59. h7 Rb2+ 60. Kf3 Rb3+ 61. Ke2 Rh3 62.
g6 Ke4 63. Rg8 Rh2+ 64. Kd1 Kd3 65. Rd8+ Ke3 66. h8=Q Rg2 67. Qe5+ Kf3 68. Rd3+ Kf2
69. Qe1#  1-0

[Event "British Chess Championships 2023: Major Open"]
[Site "The Venue, De Montfort University, 20 Western Boulevard, Leicester, LE2 7BU"]
[Date "2023.07.29"]
[Round "8"]
[Board "18"]
[White "Bansal, Saahil"]
[Black "Wilkinson, Daniel"]
[Result "0-1"]
[WhiteElo "1846"]
[BlackElo "1712"]
[PlyCount "70"]
[EventDate "2023.07.22"]
[EventRounds "9"]
[EventCountry "ENG"]

1. d4 f5 2. c4 Nf6 3. g3 g6 4. Bg2 Bg7 5. Nc3 O-O 6. Nh3 d6 7. O-O c6 8. Nf4 e5 9.
dxe5 dxe5 10. Qxd8 Rxd8 11. Nd3 e4 12. Nf4 g5 13. Nh3 h6 14. f3 exf3 15. exf3 Be6
16. c5 Nfd7 17. Na4 Bd4+ 18. Nf2 Nxc5 19. Nxc5 Bxc5 20. h4 gxh4 21. gxh4 Kh7 22.
Re1 Bd5 23. Be3 Bb4 24. Red1 Rg8 25. Kh1 Be7 26. h5 Nd7 27. Nd3 Nf6 28. Nf4 Bd6 29.
Nxd5 Nxd5 30. Bh3 Raf8 31. Bxa7 Rg5 32. Bg2 Rfg8 33. Rd2 Bb4 34. Rxd5 cxd5 35. Bh3
Rxh5  0-1

[Event "British Chess Championships 2023: Major Open"]
[Site "The Venue, De Montfort University, 20 Western Boulevard, Leicester, LE2 7BU"]
[Date "2023.07.29"]
[Round "8"]
[Board "19"]
[White "Garnett, John S"]
[Black "Bedi, Adam"]
[Result "0-1"]
[WhiteElo "1831"]
[BlackElo "1791"]
[PlyCount "110"]
[EventDate "2023.07.22"]
[EventRounds "9"]
[EventCountry "ENG"]

1. d4 d5 2. c4 c6 3. Nf3 Nf6 4. Nc3 e6 5. Bf4 Be7 6. e3 O-O 7. cxd5 exd5 8. Bd3 Re8
9. Qc2 Nbd7 10. O-O Nf8 11. Rab1 Bd6 12. Bxd6 Qxd6 13. b4 Ne6 14. b5 c5 15. dxc5
Nxc5 16. Rfd1 Nxd3 17. Qxd3 Qb6 18. Nxd5 Nxd5 19. Qxd5 Be6 20. Qd2 Bg4 21. Qd6 Qa5
22. Qd5 b6 23. Qd2 Qa3 24. Rb3 Qc5 25. h3 Bxf3 26. gxf3 Qf5 27. Kg2 h6 28. Qd5 Qg6+
29. Kh2 Qf6 30. Rbd3 Rac8 31. f4 Rc5 32. Qd7 Rf8 33. Qxa7 Rxb5 34. Rd6 Qh4 35. R1d2
Rh5 36. Qd7 f5 37. Qc6 Qxh3+ 38. Kg1 Rh4 39. Rg6 Rg4+ 40. Rxg4 Qxg4+ 41. Qg2 Qh4
42. Rd7 Qf6 43. Qd5+ Kh8 44. Rd6 Qb2 45. Qe6 b5 46. Rb6 b4 47. Qb3 Qe2 48. Rxb4 Kh7
49. a4 Rd8 50. Rd4 Qg4+ 51. Kf1 Qh3+ 52. Ke2 Rxd4 53. a5 Rd8 54. a6 Qh5+ 55. Ke1
Rd7  0-1

[Event "British Chess Championships 2023: Major Open"]
[Site "The Venue, De Montfort University, 20 Western Boulevard, Leicester, LE2 7BU"]
[Date "2023.07.29"]
[Round "8"]
[Board "20"]
[White "Gibson, Christopher A"]
[Black "Bennett, Max"]
[Result "0-1"]
[WhiteElo "1820"]
[BlackElo "1583"]
[PlyCount "84"]
[EventDate "2023.07.22"]
[EventRounds "9"]
[EventCountry "ENG"]

1. e4 e6 2. d4 d5 3. Nc3 Bb4 4. e5 Ne7 5. a3 Bxc3+ 6. bxc3 c5 7. Qg4 cxd4 8. Qxg7
Rg8 9. Qxh7 Qc7 10. Ne2 Nbc6 11. f4 dxc3 12. Qd3 d4 13. Rb1 Bd7 14. Rg1 O-O-O 15.
g4 Be8 16. Rg3 Na5 17. Nxd4 Nec6 18. Nb5 Rxd3 19. Nxc7 Rxg3 20. Nxe8 R3xg4 21. Nf6
Nd4 22. Nxg4 Rxg4 23. Kf2 Nxc2 24. Be3 Nxa3 25. Rc1 c2 26. Kf3 Rh4 27. Kg3 Rh8 28.
Bd3 Nb3 29. Rxc2+ Nxc2 30. Bxc2 Na1 31. Be4 a5 32. h4 b5 33. Bb6 Nb3 34. Bc6 b4 35.
Kg4 Rg8+ 36. Kh5 Rg3 37. Be8 Kb7 38. Bxa5 Nxa5 39. Bxf7 Nc6 40. Bxe6 Nd4 41. Bf7
Kc7 42. Bd5 Ne2  0-1

[Event "British Chess Championships 2023: Major Open"]
[Site "The Venue, De Montfort University, 20 Western Boulevard, Leicester, LE2 7BU"]
[Date "2023.07.29"]
[Round "8"]
[Board "21"]
[White "Rice, Chris B"]
[Black "Rubeck, Jonathan"]
[Result "1-0"]
[WhiteElo "1892"]
[BlackElo "1760"]
[PlyCount "119"]
[EventDate "2023.07.22"]
[EventRounds "9"]
[EventCountry "ENG"]

1. d4 Nf6 2. Nf3 g6 3. c4 Bg7 4. Nc3 O-O 5. e4 d6 6. Be2 Na6 7. O-O e5 8. d5 Nc5
9. Qc2 a5 10. Bg5 h6 11. Be3 Nfd7 12. Nd2 f5 13. f3 f4 14. Bf2 g5 15. b3 Rf6 16.
a3 Rg6 17. b4 Na6 18. Qb3 Kh8 19. g4 fxg3 20. hxg3 g4 21. Kg2 Qg5 22. Ra2 Nf6 23.
Rh1 Nh5 24. fxg4 Bxg4 25. Bxg4 Nf4+ 26. Kf1 Qxg4 27. Qd1 Qxd1+ 28. Nxd1 Nd3 29. Nb2
Nxf2 30. Kxf2 Rf8+ 31. Kg2 axb4 32. axb4 Nxb4 33. Ra7 Nc2 34. Nd1 Rb8 35. Nf3 Nd4
36. Nh4 Rg5 37. Nc3 Kh7 38. Rb1 Bf6 39. Rbxb7 Rxb7 40. Rxb7 Rg7 41. Nf5 Nxf5 42.
exf5 h5 43. Ne4 Bd8 44. Rb8 Rg8 45. Rb7 Kh6 46. Kf3 Rf8 47. g4 hxg4+ 48. Kxg4 Rg8+
49. Kf3 Kh5 50. Rb1 Rg4 51. Rh1+ Rh4 52. Rxh4+ Bxh4 53. c5 Be7 54. c6 Bf8 55. Nf6+
Kh6 56. Ne8 Be7 57. Nxc7 Bd8 58. Ne6 Ba5 59. c7 Bxc7 60. Nxc7  1-0

[Event "British Chess Championships 2023: Major Open"]
[Site "The Venue, De Montfort University, 20 Western Boulevard, Leicester, LE2 7BU"]
[Date "2023.07.29"]
[Round "8"]
[Board "22"]
[White "Macqueen, Andrew"]
[Black "Larkin, Benjamin"]
[Result "1-0"]
[WhiteElo "1759"]
[BlackElo "1850"]
[PlyCount "49"]
[EventDate "2023.07.22"]
[EventRounds "9"]
[EventCountry "ENG"]

1. e4 c6 2. d4 d5 3. Nc3 dxe4 4. Nxe4 Nf6 5. Nxf6+ exf6 6. Nf3 Bd6 7. Be3 O-O 8.
Qd2 Be6 9. Bd3 Nd7 10. O-O b5 11. Be4 Qc7 12. d5 cxd5 13. Bxd5 Bxd5 14. Qxd5 Ne5
15. Nxe5 Bxe5 16. h3 Qxc2 17. Qxb5 Qxb2 18. Qxb2 Bxb2 19. Rab1 Rfb8 20. Rfd1 g5 21.
f4 h6 22. Kf2 a5 23. Kf3 Kg7 24. fxg5 fxg5 25. Rxb2  1-0

[Event "British Chess Championships 2023: Major Open"]
[Site "The Venue, De Montfort University, 20 Western Boulevard, Leicester, LE2 7BU"]
[Date "2023.07.29"]
[Round "8"]
[Board "23"]
[White "Freeman, Ashley"]
[Black "Pang, Ethan"]
[Result "1/2-1/2"]
[WhiteElo "1846"]
[BlackElo "1553"]
[PlyCount "46"]
[EventDate "2023.07.22"]
[EventRounds "9"]
[EventCountry "ENG"]

1. e4 c5 2. Nf3 Nc6 3. d4 cxd4 4. Nxd4 g6 5. Nc3 Bg7 6. Be3 Nf6 7. Bc4 Qa5 8. O-O
O-O 9. Nb3 Qd8 10. h3 d6 11. Qd2 b6 12. Be2 Bb7 13. f4 Rc8 14. Rad1 Nd7 15. e5 Nc5
16. Bg4 Nxb3 17. cxb3 Rb8 18. exd6 Qxd6 19. Qxd6 exd6 20. Rxd6 Rfe8 21. Bf2 Rbd8
22. Rfd1 Rxd6 23. Rxd6 Rd8  1/2-1/2

[Event "British Chess Championships 2023: Major Open"]
[Site "The Venue, De Montfort University, 20 Western Boulevard, Leicester, LE2 7BU"]
[Date "2023.07.29"]
[Round "8"]
[Board "24"]
[White "Isik, Muhammed Oguz"]
[Black "Sivanandan, Bodhana"]
[Result "1-0"]
[WhiteElo "1701"]
[BlackElo "1834"]
[PlyCount "131"]
[EventDate "2023.07.22"]
[EventRounds "9"]
[EventCountry "ENG"]

1. e4 c6 2. d4 d5 3. exd5 cxd5 4. c4 Nf6 5. Nc3 g6 6. cxd5 Nxd5 7. Qb3 Nb6 8. Bb5+
Bd7 9. Nf3 Bg7 10. Bf4 Nc6 11. Ne5 Nxe5 12. dxe5 O-O 13. Rd1 Qc8 14. Bxd7 Nxd7 15.
Qb5 Nb6 16. O-O Qf5 17. Bg3 Rfd8 18. Nd5 Nxd5 19. Rxd5 b6 20. Rfd1 Rxd5 21. Qxd5
Rc8 22. h3 h5 23. Qb7 g5 24. h4 Rc2 25. Qxe7 gxh4 26. Qe8+ Kh7 27. Bxh4 Rxb2 28.
Bg3 h4 29. Bxh4 Qg4 30. Rd3 Rb1+ 31. Kh2 Qf4+ 32. Rg3 Re1 33. Bf6 Qxf6 34. exf6 Rxe8
35. Rxg7+ Kh6 36. Rxf7 Re2 37. Rxa7 Rxf2 38. f7 Kg7 39. a4 Rf4 40. g3 Rf6 41. Kh3
Rf2 42. Ra6 Rf6 43. a5 Kxf7 44. Rxb6 Rf3 45. Rb7+ Kg6 46. Kg4 Ra3 47. Rb6+ Kg7 48.
a6 Ra4+ 49. Kf5 Ra5+ 50. Ke6 Ra3 51. Kd7 Rxg3 52. a7 Ra3 53. Rb7 Kf6 54. Kc8 Ke6
55. Kb8 Ke5 56. a8=Q Rxa8+ 57. Kxa8 Kf6 58. Rb5 Kg6 59. Kb7 Kf6 60. Kc6 Kg6 61. Kd6
Kf6 62. Re5 Kg6 63. Ke6 Kg7 64. Rg5+ Kh7 65. Kf7 Kh8 66. Rh5#  1-0

[Event "British Chess Championships 2023: Major Open"]
[Site "The Venue, De Montfort University, 20 Western Boulevard, Leicester, LE2 7BU"]
[Date "2023.07.29"]
[Round "8"]
[Board "25"]
[White "Rida, Ruqayyah"]
[Black "Sinclair, Colin"]
[Result "1-0"]
[WhiteElo "1828"]
[BlackElo "1652"]
[PlyCount "69"]
[EventDate "2023.07.22"]
[EventRounds "9"]
[EventCountry "ENG"]

1. e4 g6 2. d4 Bg7 3. Nc3 d6 4. Be3 e6 5. f4 Ne7 6. Nf3 a6 7. Qd2 b5 8. a3 Nd7 9.
O-O-O Nb6 10. d5 Nc4 11. Bxc4 bxc4 12. Bd4 f6 13. Qe2 e5 14. Be3 exf4 15. Bxf4 O-O
16. Qxc4 Qd7 17. h3 a5 18. Nd4 Ba6 19. Ncb5 Rfc8 20. a4 Rab8 21. Rhe1 Kh8 22. Kb1
Rb7 23. Qc3 f5 24. Qxa5 Bxb5 25. Nxb5 Qd8 26. e5 Ra8 27. Qb4 Nc8 28. exd6 cxd6 29.
b3 Qf8 30. Bxd6 Nxd6 31. Qxd6 Qc8 32. Qc6 Qxc6 33. dxc6 Rxb5 34. c7 Bf6 35. Rd8+
 1-0

[Event "British Chess Championships 2023: Major Open"]
[Site "The Venue, De Montfort University, 20 Western Boulevard, Leicester, LE2 7BU"]
[Date "2023.07.29"]
[Round "8"]
[Board "26"]
[White "Santhosh, Abhyuday"]
[Black "Dayal, Samar"]
[Result "1-0"]
[WhiteElo "1797"]
[BlackElo "1433"]
[PlyCount "73"]
[EventDate "2023.07.22"]
[EventRounds "9"]
[EventCountry "ENG"]

1. d4 Nf6 2. c4 g6 3. Nc3 Bg7 4. e4 d6 5. Be2 O-O 6. Be3 Nbd7 7. g4 e5 8. d5 Nc5
9. f3 a5 10. h4 h5 11. g5 Ne8 12. Qd2 f5 13. gxf6 Nxf6 14. O-O-O a4 15. Kb1 Bd7 16.
Nh3 Ne8 17. Rdg1 Kh7 18. Ng5+ Kh8 19. Rg3 c6 20. Rhg1 Nc7 21. Nh3 Be8 22. f4 a3 23.
f5 cxd5 24. cxd5 b5 25. b4 Na4 26. Nd1 Rc8 27. Bxh5 Qxh4 28. Ng5 Nxd5 29. Qxd5 Bc6
30. Qd3 Qxg5 31. Bxg5 gxf5 32. Rh3 Bxe4 33. Bf7+ Bh6 34. Bf6+ Kh7 35. Rxh6+ Kxh6
36. Rh1+ Bxh1 37. Qh3#  1-0

[Event "British Chess Championships 2023: Major Open"]
[Site "The Venue, De Montfort University, 20 Western Boulevard, Leicester, LE2 7BU"]
[Date "2023.07.29"]
[Round "8"]
[Board "27"]
[White "Twisk, Sebastian"]
[Black "Kothari, Jai"]
[Result "0-1"]
[WhiteElo "1599"]
[BlackElo "1782"]
[PlyCount "78"]
[EventDate "2023.07.22"]
[EventRounds "9"]
[EventCountry "ENG"]

1. e4 c5 2. c3 d5 3. exd5 Qxd5 4. Nf3 Nc6 5. Na3 Nf6 6. d4 cxd4 7. Nb5 Qd8 8. Nbxd4
Nxd4 9. Qxd4 Qxd4 10. Nxd4 a6 11. Bg5 h6 12. Bxf6 exf6 13. O-O-O Be7 14. Re1 Kf8
15. g3 g6 16. Bg2 Bd6 17. Rd1 Bc7 18. Rhe1 Kg7 19. Re7 Bd8 20. Ree1 f5 21. b3 Bf6
22. a4 Rb8 23. a5 Bd7 24. Bd5 Rhc8 25. c4 Rc5 26. b4 Rc7 27. Re2 b6 28. axb6 Rxb6
29. Rb2 Be7 30. Nc2 Bf6 31. Nd4 Rb8 32. Kb1 Rd8 33. Ra2 Bc8 34. Nb3 Rxc4 35. Bxc4
Rxd1+ 36. Kc2 Rd6 37. Nc5 Rd4 38. Kb3 Be7 39. Kc3 Bxc5  0-1

[Event "British Chess Championships 2023: Major Open"]
[Site "The Venue, De Montfort University, 20 Western Boulevard, Leicester, LE2 7BU"]
[Date "2023.07.29"]
[Round "8"]
[Board "29"]
[White "Davis, Timothy J"]
[Black "Gamage Ranasinghe, Yuman Ranjula"]
[Result "1-0"]
[WhiteElo "1737"]
[BlackElo "1100"]
[PlyCount "73"]
[EventDate "2023.07.22"]
[EventRounds "9"]
[EventCountry "ENG"]

1. e4 e5 2. Nf3 Nc6 3. Bb5 a6 4. Ba4 d6 5. O-O Bg4 6. h3 h5 7. Bxc6+ bxc6 8. d3 Qf6
9. Nbd2 g5 10. Re1 Be6 11. Nf1 g4 12. Ng5 gxh3 13. gxh3 Be7 14. Nxe6 Qxe6 15. Kh2
Bh4 16. Qf3 Qg6 17. Ne3 Ne7 18. Nf5 Nxf5 19. exf5 Qf6 20. Qxc6+ Ke7 21. Qxc7+ Kf8
22. Be3 Qxf5 23. Qxd6+ Ke8 24. Qc6+ Kf8 25. Qxa8+ Ke7 26. Qxh8 Bxf2 27. Qxe5+ Qxe5+
28. Bf4 Qxe1 29. Rxe1+ Bxe1 30. Kg2 f5 31. Kf3 Ke6 32. c4 Bb4 33. d4 a5 34. d5+ Kd7
35. Be3 Kd6 36. Kf4 a4 37. Kxf5  1-0

[Event "British Chess Championships 2023: Major Open"]
[Site "The Venue, De Montfort University, 20 Western Boulevard, Leicester, LE2 7BU"]
[Date "2023.07.29"]
[Round "8"]
[Board "30"]
[White "Burton, Sean"]
[Black "Pattni, Kishan"]
[Result "1-0"]
[WhiteElo "1715"]
[BlackElo "1593"]
[PlyCount "61"]
[EventDate "2023.07.22"]
[EventRounds "9"]
[EventCountry "ENG"]

1. e4 c6 2. d4 d5 3. f3 dxe4 4. fxe4 e5 5. Nf3 exd4 6. Bc4 Nf6 7. O-O Be7 8. Ng5
O-O 9. Nxf7 Qa5 10. Nd6+ Kh8 11. Nxc8 Rxc8 12. Rf5 Qd8 13. Bg5 Nxe4 14. Bxe7 Qxe7
15. Qg4 Nd6 16. Rf7 Qe1+ 17. Rf1 Qe3+ 18. Kh1 Re8 19. Bd3 Qh6 20. Na3 Na6 21. Rf3
Re3 22. Raf1 Rxf3 23. Rxf3 Qc1+ 24. Rf1 Qh6 25. Qxd4 Nc7 26. Qxa7 Re8 27. Qf2 Ne6
28. Nc4 Nb5 29. Ne5 Nd6 30. Nf7+ Nxf7 31. Qxf7  1-0

[Event "British Chess Championships 2023: Major Open"]
[Site "The Venue, De Montfort University, 20 Western Boulevard, Leicester, LE2 7BU"]
[Date "2023.07.29"]
[Round "8"]
[Board "31"]
[White "Sheikh, Anum"]
[Black "Chantrell, Paul"]
[Result "1-0"]
[WhiteElo "1744"]
[BlackElo "1576"]
[PlyCount "95"]
[EventDate "2023.07.22"]
[EventRounds "9"]
[EventCountry "ENG"]

1. e4 e5 2. Nf3 Nf6 3. Nxe5 d6 4. Nf3 Nxe4 5. d3 Nf6 6. d4 d5 7. Bd3 Be7 8. O-O O-O
9. Ne5 Nbd7 10. f4 Ne4 11. Qe2 f5 12. Rf3 Ndf6 13. Be3 a6 14. a4 c6 15. Nd2 Be6 16.
Rh3 Qe8 17. Ndf3 Ng4 18. c3 a5 19. Rf1 Bf7 20. Nxf7 Qxf7 21. Ne5 Nxe5 22. fxe5 Bg5
23. Bxg5 Nxg5 24. Rh5 Qg6 25. g4 Ne4 26. Rhxf5 Rxf5 27. Rxf5 Qh6 28. Bxe4 dxe4 29.
Kg2 e3 30. Qc4+ Kh8 31. Qe2 Qe6 32. c4 Rd8 33. b3 g6 34. Rf6 Qe7 35. Qxe3 Re8 36.
Qf3 Qb4 37. Rf7 Kg8 38. Qf6 Qd2+ 39. Qf2 Qd1 40. Rf3 Qc1 41. h3 Qg5 42. Rf7 h5 43.
Rf4 h4 44. Qe3 Qe7 45. Qe4 Kg7 46. Rf6 Qxf6 47. exf6+ Kf7 48. Qf3  1-0